Oldest State Capitals - Statistics

General Stats
  • This quiz has been taken 24 times
  • The average score is 6 of 10
Answer Stats
Hint Answer % Correct
1788 Albany, NY
84%
1630 Boston, MA
84%
1777 Dover, DE
74%
1780 Richmond, VA
74%
1784 Trenton, NJ
74%
1694 Annapolis, MD
68%
1786 Columbia, SC
58%
1792 Raleigh, NC
58%
1792 Frankfort, KY
37%
1610 Santa Fe, NM
16%
No matching quizzes found
Score Distribution
Percent of People with Each Score
Percentile by Number Answered
Your Score History
You have not taken this quiz